| 000 | 04844cam a22017654i 4500 | ||
|---|---|---|---|
| 003 | PE-LiUPU | ||
| 005 | 20250813165539.0 | ||
| 008 | 190403s2009 pe a r 000 0 spa d | ||
| 020 | _a9972806715 | ||
| 020 | _a9789972806711 | ||
| 035 | _a(Sirsi) a252052 | ||
| 082 | 0 | 4 |
_a613 _bA41 _220 |
| 100 | 1 |
_aAlfaro Novoa, María de Lourdes, _eautor. |
|
| 245 | 1 | 0 |
_aGuía para la salud : _bprevención de enfermedades / _cMaría de Lourdes Alfaro Novoa [y otros treinta y dos] ; Alberto Ramírez Ramos, editor. |
| 250 | _aPrimera edición. | ||
| 264 | 1 |
_aLima : _bUniversidad Peruana Cayetano Heredia, _c2009. |
|
| 300 |
_a286 páginas : _bilustraciones ; _c25centímetros |
||
| 505 | 0 | _aLa prevención del cáncer -- Las infecciones de transmisión sexual -- Aclimatación a la altura -- Los riesgos de la depresión -- La prevención de infecciones en viajeros -- Salud de los huesos y prevención de la osteoporosis -- Prevención de infecciones, vacunas, higiene, lactancia, fiebre y accidentes en el hogar en niños -- Caídas e infecciones, calidad del sueño y estado nutricional en los adultos mayores -- las enfermedades infecciosas -- La piel a través de los años -- Corazón y deportes -- Principales enfermedades de la boca y su prevención -- Diagnóstico y prevención de la patología oclusal -- Efectos adversos de diversos medicamentos en el aparato digestivo -- Alimentos y aparato digestivo -- El hígado -- La glándula tiroides y la salud -- Obesidad y sobrepeso -- Infección urinaria y litiasis o cálculos -- Las enfermedades renales: mitos y realidades -- Prevención de infecciones respiratorias agudas -- Aspectos preventivos en la salud de la mujer. | |
| 526 | _aP203 | ||
| 526 | _aP200 | ||
| 526 | _aSEG65 | ||
| 526 | _aSEG64 | ||
| 526 | _aSEG63 | ||
| 526 | _aSEG62 | ||
| 526 | _aSEG61 | ||
| 526 | _aSEG60 | ||
| 526 | _aSEG59 | ||
| 526 | _aSEG58 | ||
| 526 | _aSEG57 | ||
| 526 | _aSEG56 | ||
| 526 | _aSEG55 | ||
| 526 | _aSEG54 | ||
| 526 | _aSEG53 | ||
| 526 | _aSEG52 | ||
| 526 | _aSEG51 | ||
| 526 | _aSEG50 | ||
| 526 | _aSEG49 | ||
| 526 | _aSEG48 | ||
| 526 | _aSEG47 | ||
| 526 | _aSEG46 | ||
| 526 | _aSEG24 | ||
| 526 | _aSEG23 | ||
| 526 | _aSEG22 | ||
| 526 | _aSEG21 | ||
| 526 | _aSEG20 | ||
| 526 | _aSEG19 | ||
| 526 | _aSEG18 | ||
| 526 | _aSEG17 | ||
| 526 | _aSEG16 | ||
| 526 | _aSEG14 | ||
| 526 | _aSEG13 | ||
| 526 | _aSEG12 | ||
| 526 | _aSEG11 | ||
| 526 | _aSEG10 | ||
| 526 | _aSEG09 | ||
| 526 | _aSEG06 | ||
| 526 | _aSEG05 | ||
| 526 | _aSEG04 | ||
| 526 | _aSEG03 | ||
| 526 | _aSEG02 | ||
| 526 | _aSEG68 | ||
| 526 | _aSEG66 | ||
| 526 | _aSEG45 | ||
| 526 | _aSEG25 | ||
| 526 | _aSEG01 | ||
| 526 | _aP163 | ||
| 526 | _aP162 | ||
| 526 | _aP161 | ||
| 526 | _aP160 | ||
| 526 | _aP159 | ||
| 526 | _aP158 | ||
| 526 | _aP157 | ||
| 526 | _aP156 | ||
| 526 | _aP155 | ||
| 526 | _aP154 | ||
| 526 | _aP153 | ||
| 526 | _aP152 | ||
| 526 | _aP151 | ||
| 526 | _aP150 | ||
| 526 | _aP149 | ||
| 526 | _aP142 | ||
| 526 | _aP141 | ||
| 526 | _aP140 | ||
| 526 | _aP139 | ||
| 526 | _aP138 | ||
| 526 | _aP137 | ||
| 526 | _aP132 | ||
| 526 | _aP131 | ||
| 526 | _aP130 | ||
| 526 | _aP126 | ||
| 526 | _aP125 | ||
| 526 | _aP124 | ||
| 526 | _aP123 | ||
| 526 | _aP115 | ||
| 526 | _aP122 | ||
| 526 | _aP121 | ||
| 526 | _aP116 | ||
| 526 | _a P114 | ||
| 526 | _aP112 | ||
| 526 | _aP111 | ||
| 526 | _aP104 | ||
| 526 | _aP103 | ||
| 526 | _aP102 | ||
| 526 | _aP101 | ||
| 526 | _aP100 | ||
| 526 | _aP96 | ||
| 526 | _aP95 | ||
| 526 | _aP93 | ||
| 526 | _aP92 | ||
| 526 | _aP91 | ||
| 526 | _aP88 | ||
| 526 | _aP83 | ||
| 526 | _aP82 | ||
| 526 | _aP79 | ||
| 526 | _aP78 | ||
| 526 | _aP75 | ||
| 526 | _aP74 | ||
| 526 | _aP71 | ||
| 526 | _aP69 | ||
| 526 | _a P51 | ||
| 526 | _aP49 | ||
| 526 | _aP48 | ||
| 526 | _aP47 | ||
| 526 | _aP33 | ||
| 526 | _aP31 | ||
| 526 | _a P30 | ||
| 526 | _aP29 | ||
| 526 | _aP27 | ||
| 526 | _aP26 | ||
| 526 | _aP25 | ||
| 526 | _aP24 | ||
| 526 | _a P22 | ||
| 526 | _aP10 | ||
| 526 | _aP09 | ||
| 526 | _a P08 | ||
| 526 | _aP06 | ||
| 526 | _aP05 | ||
| 526 | _aP04 | ||
| 526 | _aP01 | ||
| 541 | _g025-56; | ||
| 650 | 0 | 4 | _aMedicina preventiva. |
| 650 | 1 | 2 | _aPrevención primaria |
| 650 | 1 | 4 |
_aSalud pública _xManuales. |
| 700 | 1 |
_aRamírez Ramos, Alberto, _eeditor. |
|
| 910 |
_adbm _bsag _csag _d20190403 |
||
| 942 |
_2ddc _cBOOK |
||
| 994 |
_aC0 _bPEPRU |
||
| 596 | _a1 | ||
| 999 |
_a613 A41 _wLC _c31312 _i80108 _f2021-11-3 _g3 _lCCODEBUL1 _mBUL _p15.15 _r0 _sY _tBOOK _u2019-4-3 _xSALUD _zP83 _0COMPRA _1FCOMPR2 _o.STAFF. Colección Ciencias de la Salud _d31312 |
||
| 980 |
_81 _gALBERTO SANCHEZ Responsable de Automatización |
||